00914nam a2200217Ia 4500008004100000020001500041040001800056041000800074245015400082260007900236300003700315500006900352504003900421650003700460650004100497650002000538651004700558700003300605700003500638700002300673130821s2004 xxua gr eng  a0821358618 aCo-BoUCMbspa00aeng04aThe microeconomics of income distribution dynamics in East Asia and Latin AmericacEditores Francois Bourguigon, Francisco H.G. Ferreira, Nora Lustig aWashington D.C. (Estados Unidos)bWorld Bank Oxford University Pressc2004 axx, 416 páginasbilustraciones a"A copublication of the World Bank and Oxford University Press." aIncluye bibliografía e índice.04aDistribución del ingresoxAsia04aDistribución del ingresozTaiwán04aMicroeconomía aAmérica LatinaxCondiciones económicas1 aBourguignon, Françoiseed,1 aFerreira, Francisco H. G.eed.1 aLuising, Noraeed.